000
00317nam a2200145Ia 4500
100
_a
Burrell/M
650
_a
Carpentery
942
_c
BK
654
_a
T.V Enginners Pocket Book
245
_a
T.V Enginners Pocket Book
260
_b
Buttersworth
_a
London
_c
1982
300
_a
314
546
_a
ENGLISH
999
_c
32919
_d
32919